000 00503cam a22002055a 4500
001 L155648
008 120330s1988 xxk f 000 0 eng d
020 _a0946805180
022 1 _a02687690
035 _a(Sirsi) u155648
041 0 _aeng
050 0 4 _a692.3 WES
110 2 _aWESSEX
245 0 0 _a1990 Database civil engineering
250 _a3rd ed.
260 _aPoole : Wessex Electronic Publishing, 1988
650 2 4 _aBUILDING PRICE BOOKS
651 4 _aENGLAND AND WALES
942 _n0
999 _c113725
_d113725